NBA Teams With The MOST Wins - Statistics

General Stats
  • This quiz has been taken 23 times
  • The average score is 9 of 10
Answer Stats
Rank Wins Answer % Correct
1 4,183 Boston Celtics
100%
2 4,125 Los Angeles Lakers
100%
7 3,128 Detroit Pistons
95%
5 3,271 Golden State Warriors
95%
4 3,296 New York Knicks
90%
8 2,893 Sacramento Kings
85%
9 2,796 Oklahoma City Thunder
80%
3 3,425 Philadelphia 76ers
80%
10 2,670 Phoenix Suns
70%
6 3,185 Atlanta Hawks
60%
No matching quizzes found
Score Distribution
Percent of People with Each Score
Percentile by Number Answered
Your Score History
You have not taken this quiz